Fr. Conceicao Rodrigues College of Engineering

Basic Business Communication (Record no. 29172)

MARC details
000 -LEADER
fixed length control field 00417nam a2200181Ia 4500
082 ## - DEWEY DECIMAL CLASSIFICATION NUMBER
Classification number 372.6/LES
Item number LES
100 ## - MAIN ENTRY--PERSONAL NAME
Personal name Lesikar/Raymond
250 ## - EDITION STATEMENT
Edition statement 10
245 ## - TITLE STATEMENT
Title Basic Business Communication
260 ## - PUBLICATION, DISTRIBUTION, ETC.
Name of publisher, distributor, etc. Tata Mc Graw hill Ltd.
Place of publication, distribution, etc. New Delhi
Date of publication, distribution, etc. 2005
366 ## - TRADE AVAILABILITY INFORMATION
Publishers's discount category 20
300 ## - PHYSICAL DESCRIPTION
Extent 606
546 ## - LANGUAGE NOTE
Language note ENGLISH
650 ## - SUBJECT ADDED ENTRY--TOPICAL TERM
Topical term or geographic name entry element Business Communication
654 ## - SUBJECT ADDED ENTRY--FACETED TOPICAL TERMS
Focus term business communication
942 ## - ADDED ENTRY ELEMENTS (KOHA)
Koha item type BOOK
Holdings
Withdrawn status Lost status Damaged status Not for loan Collection Home library Current library Date acquired Source of acquisition Cost, normal purchase price Inventory number Total Checkouts Full call number Barcode Date last seen Cost, replacement price Price effective from Koha item type
        CRC Fr. Agnel's C.Rodrigues College of Engineering Fr. Agnel's C.Rodrigues College of Engineering 17/03/2023 Professional Book House. 345.00 564 dt 25/03/2008   372.6/LES LES 18534 17/03/2023 365.00   BOOK